عرض عادي عرض مارك
  • البيئة

مدخل مصطلح موضوعي

عدد التسجيلات المستخدمة في: 1

001 - رقم الضبط

  • حقل الضبط: 62826

003 - معرف رقم الضبط

  • حقل الضبط: OSt

005 - تاريخ ووقت أخر عملية

  • حقل الضبط: 20180423130517.0

008 - عناصر بيانات ثابتة الطول

  • حقل تحكم ثابت الطول: 180423|| aca||aabn | a|a d

040 ## - مصدر الفهرسة

  • هيئة الفهرسة الأصلية: OSt
  • وكالة الكتابة: OSt

150 ## - مدخل-- مصطلح تاريخي

  • عنصر مدخل المصطلح الموضوعي او الاسم الجغرافي: البيئة
  • تفريع عام: قوانين وتشريعات
  • تفريع جغرافي: السودان

670 ## - بيانات المصدر موجوده

  • الاستشهاد بالمصدر: Work cat.: (OSt): 58143 الجزولي، محمد الفاتح, المدخل لدراسة التشريعات البيئية /, 2018.